000 00839nab a2200205 i 4500
001 768714001
003 CO-MdFUSB
005 20240425154306.0
008 240425t1981 us ||||| |||| 00| 0 eng d
040 _bspa
_cCO-MdFUSB
_dCO-MdFUSB
041 _aeng
100 _eautor
245 _aTesting staff relationships in the high sierras
_c/ Gilbert R. Martin y Daniel W. Pawley
300 _aVolumen 2, número 2 (spring, 1981), páginas: 79 -86
_c; 27 cm
520 _aUna caminata por las montañas le enseñó al personal de una iglesia algunas lecciones sobre el compromiso cristiano.
546 _aTexto en inglés.
650 7 _aTeología pastoral y unidad cristiana
_97183
773 0 _068780
_982548
_oR2482
_tLeadership :
_w(CO-MdFUSB)768714001
_gVolumen 2, número 2 (spring, 1981), páginas: 79 - 86
_qpágina: 79
942 _cCR
999 _c69385
_d69385